000
00411nam a2200133Ia 4500
008
100328s9999 xx 000 0 und d
082
_b
17446
100
_a
रंजीत कर्नल
245
_a
आाी रात के बाद
260
_b
शिक्षा भारती
630
_a
आाी रात के बाद
730
_a
आाी रात के बाद
942
_c
BOOK
999
_c
512021
_d
512018